Reed's applied mechanics for engineers, Vol. 2 (Record no. 2626)

000 -LEADER
fixed length control field 00758nam a2200217Ia 4500
008 - FIXED-LENGTH DATA ELEMENTS--GENERAL INFORMATION
fixed length control field 200103s 1994 ||||xx |||||||||||||| ||und||
020 ## - INTERNATIONAL STANDARD BOOK NUMBER
International Standard Book Number 0901281050
082 ## - DEWEY DECIMAL CLASSIFICATION NUMBER
Classification number 620.100246
Item number EMB
100 ## - MAIN ENTRY--PERSONAL NAME
Personal name Embleton, William
245 #0 - TITLE STATEMENT
Title Reed's applied mechanics for engineers, Vol. 2
250 ## - EDITION STATEMENT
Edition statement 5th
260 ## - PUBLICATION, DISTRIBUTION, ETC. (IMPRINT)
Name of publisher, distributor, etc Thomas Reed Publications
Date of publication, distribution, etc 1994
Place of publication, distribution, etc Wiltshire
300 ## - PHYSICAL DESCRIPTION
Extent 673 p.: ill.
440 ## - SERIES STATEMENT/ADDED ENTRY--TITLE
Title Reed's marine engineering series
520 ## - SUMMARY, ETC.
Summary, etc This book covers the syllabuses in Applied Mechanics for all classes of the Marine Engineers' Certificates of Competency.
650 ## - SUBJECT ADDED ENTRY--TOPICAL TERM
Topical term or geographic name as entry element Applied mechanics
650 ## - SUBJECT ADDED ENTRY--TOPICAL TERM
Topical term or geographic name as entry element Engineering mathematics
650 ## - SUBJECT ADDED ENTRY--TOPICAL TERM
Topical term or geographic name as entry element Marine engineering - Study and teaching
700 ## - ADDED ENTRY--PERSONAL NAME
Personal name Jackson, Leslie
Relator term Re-visor
942 ## - ADDED ENTRY ELEMENTS (KOHA)
Item type Books
Holdings
Withdrawn status Lost status Source of classification or shelving scheme Damaged status Not for loan Collection code Permanent location Current location Shelving location Date acquired Full call number Barcode Date last seen Koha item type Public note
          Non-fiction IMU-MPC Library IMU-MPC Library General Stacks 2020-01-08 620.100246 EMB LBS11895 2025-03-17 Reference book Column - 34
          Non-fiction IMU-MPC Library IMU-MPC Library General Stacks 2020-06-22 620.100246 EMB LBS11894 2025-03-17 Books Column - 34
          Non-fiction IMU-MPC Library IMU-MPC Library General Stacks 2020-06-22 620.100246 EMB LBS11820 2025-03-17 Books Column - 34
          Non-fiction IMU-MPC Library IMU-MPC Library General Stacks 2020-06-22 620.100246 EMB LBS9959 2025-03-17 Books Column - 34
          Non-fiction IMU-MPC Library IMU-MPC Library General Stacks 2020-06-22 620.100246 EMB LBS10239 2025-03-17 Books Column - 34
          Non-fiction IMU-MPC Library IMU-MPC Library General Stacks 2020-06-22 620.100246 EMB LBS10135 2025-03-17 Books Column - 34
          Non-fiction IMU-MPC Library IMU-MPC Library General Stacks 2020-06-22 620.100246 EMB LBSD1690 2025-03-17 Books Column - 34 (Xerox Copy)
Copyright © 2021 Indian Maritime University, Mumbai Port Campus. All Rights Reserved. Managed & Maintained by Central Library, IMU-Mumbai

webs counters

Powered by Koha